Countries With the Highest Fast Food Consumption Rate - Statistics

General Stats
  • This quiz has been taken 87 times
  • The average score is 8 of 10
Answer Stats
Rank Country % Correct
1 United States of America
99%
3 Canada
95%
4 United Kingdom
95%
8 Germany
91%
2 France
90%
6 Japan
87%
5 South Korea
71%
10 Sweden
58%
7 Austria
54%
9 Switzerland
51%
No matching quizzes found
Score Distribution
Percent of People with Each Score
Percentile by Number Answered
Your Score History
You have not taken this quiz